| 000 | 00905nam a2200229 4500 | ||
|---|---|---|---|
| 001 | 174518 | ||
| 003 | ES-MaACL | ||
| 005 | 20230906215544.0 | ||
| 008 | 100503c1973 sp f |||| |dspa d | ||
| 017 | _aSE 218-1973 | ||
| 020 | _a84-00-03902-5 | ||
| 080 | _a7.036(460.353 S.) | ||
| 245 | 0 | 0 |
_aEstudios de arte sevillano _b: (número extraordinario del Boletín de Bellas Artes. _n2ª época). |
| 260 |
_aSevilla : _bReal Academia de Bellas Artes de Santa Isabel de Hungría, _c1973. |
||
| 300 |
_a190 p., [54 p., 5 h.] de lám., fot. b. y n. ; _c25 cm. |
||
| 490 | 1 | _aPublicaciones del Patronato "José María Cuadrado" del C.S.I.C. | |
| 650 | 4 |
_aArte- _zSevilla. _9137553 |
|
| 710 | 2 |
_aReal Academia de Bellas Artes de Santa Isabel de Hungría. _96295 |
|
| 830 | 0 |
_aPublicaciones del Patronato "José María Cuadrado" del C.S.I.C. _9189434 |
|
| 852 | 4 |
_a BA _jC-57182 |
|
| 999 |
_c174518 _d174518 |
||